QUEST Central Library Banner

Measurement of the effectiveness efficiency and users satisfaction of Pakistan's e recruitment mobile apps (Record no. 65927)

MARC details
000 -LEADER
fixed length control field 00439nam a22001217a 4500
100 ## - MAIN ENTRY--AUTHOR NAME
Personal name Shahana Sadaf
-- 15MSCS18
-- Supervisor - Dr. Zahid Hussain Abro
245 ## - TITLE STATEMENT
Title Measurement of the effectiveness efficiency and users satisfaction of Pakistan's e recruitment mobile apps
260 ## - PUBLICATION, DISTRIBUTION, ETC. (IMPRINT)
Place of publication Nawabshah:
Name of publisher Quest,
Year of publication 2019.
300 ## - PHYSICAL DESCRIPTION
Number of Pages 49p.
700 ## - ADDED ENTRY--PERSONAL NAME
Personal name Department of Information Technology
856 ## - ELECTRONIC LOCATION AND ACCESS
Uniform Resource Identifier http://tinyurl.com/4x6ak8e8
942 ## - ADDED ENTRY ELEMENTS (KOHA)
Koha item type Thesis and Dissertation
Holdings
Withdrawn status Lost status Home library Current library Date acquired Full call number Accession Number Koha item type
    Central Library, QUEST, Nawabshah Research Section 18/10/2019 R/IMS-19 MP/54-687 Thesis and Dissertation

Copyright © 2018,The QUEST, Nawabshah, Shaheed Benazirabad. All rights reserved
Mr. G. Farooq Channar (Librarian) QUEST, Nawabshah, Sindh, Pakistan 67480.
 Ph#: |   0244-9370381-4 Ext. 2308   Email| lib@quest.edu.pk   Web|  http://www.quest.edu.pk